<?xml version="1.0" encoding="UTF-8"?>
<collection xmlns="http://www.loc.gov/MARC21/slim">
 <record>
  <leader>00864pamaa2200217   4500</leader>
  <controlfield tag="001">0000048230</controlfield>
  <controlfield tag="005">20121206090000.0</controlfield>
  <controlfield tag="008">101115                             eng  </controlfield>
  <datafield tag="020" ind1="0" ind2="0">
   <subfield code="a">9786130226428 (pbk.) </subfield>
  </datafield>
  <datafield tag="090" ind1="0" ind2="0">
   <subfield code="a">TP248.27.A53 </subfield>
   <subfield code="b">MIL 2009</subfield>
  </datafield>
  <datafield tag="100" ind1="1" ind2="0">
   <subfield code="a">Miller </subfield>
  </datafield>
  <datafield tag="245" ind1="1" ind2="0">
   <subfield code="a">Cell culture : </subfield>
   <subfield code="b">animal, tissue culture, organ culture, laboratory, passaging, transfection, transformation (genetics), microbiological culture, viral culture  </subfield>
   <subfield code="c">Frederic P. Miller, Agnes F. Vandome, John McBrewster.</subfield>
  </datafield>
  <datafield tag="260" ind1="0" ind2="0">
   <subfield code="a">Berlin, Mauritius: </subfield>
   <subfield code="b">Alphascript Publishing, </subfield>
   <subfield code="c">2009.</subfield>
  </datafield>
  <datafield tag="300" ind1=" " ind2=" ">
   <subfield code="a">63 p.: </subfield>
   <subfield code="b">ill.; </subfield>
   <subfield code="c">25 cm.</subfield>
  </datafield>
  <datafield tag="501" ind1="0" ind2="0">
   <subfield code="a">FAS</subfield>
  </datafield>
  <datafield tag="504" ind1="0" ind2="0">
   <subfield code="a">Includes bibliographical references and index</subfield>
  </datafield>
  <datafield tag="650" ind1="0" ind2="0">
   <subfield code="a">Pharmaceutical biotechnology </subfield>
  </datafield>
  <datafield tag="650" ind1="0" ind2="0">
   <subfield code="a">Animal cell biotechnology </subfield>
  </datafield>
  <datafield tag="700" ind1="1" ind2="1">
   <subfield code="a">Vandome, </subfield>
   <subfield code="h">Agnes F. </subfield>
  </datafield>
  <datafield tag="700" ind1="1" ind2="1">
   <subfield code="a">McBrewster, </subfield>
   <subfield code="h">John </subfield>
  </datafield>
  <datafield tag="901" ind1=" " ind2=" ">
   <subfield code="u">www.vdm-publishing-house.com</subfield>
  </datafield>
 </record>
</collection>
